[Event "?"]
[Site "?"]
[Date "2013.03.28"]
[Round "1"]
[White "Erik Hedegaard Hansen"]
[Black "Lars SchÃ¸ning"]
[Result "1/2-1/2"]
[WhiteElo "1829"]
[BlackElo "1845"]
[PlyCount "38"]

1. d4 Nf6 2. c4 c5 3. d5 e5 4. Nc3 d6 5. e4 Nbd7 6. Bd3 Be7 7. Nge2 a6 8. a4 h5
9. Bd2 Nf8 10. Qc2 Ng6 11. a5 h4 12. h3 Nd7 13. Na4 Bg5 14. b4 Bxd2+ 15. Qxd2
O-O 16. bxc5 dxc5 17. O-O Qe7 18. f4 exf4 19. Nxf4 Nge5 1/2-1/2

[Event "?"]
[Site "?"]
[Date "2013.03.28"]
[Round "1"]
[White "Michael J Olesen"]
[Black "Kim Schmidt"]
[Result "1/2-1/2"]
[WhiteElo "1963"]
[BlackElo "1883"]
[PlyCount "88"]

1. Nf3 Nf6 2. g3 g6 3. Bg2 Bg7 4. O-O O-O 5. d4 d5 6. c4 c6 7. cxd5 cxd5 8. Nc3
Nc6 9. Ne5 Nxe5 10. dxe5 Ng4 11. Nxd5 Nxe5 12. Qb3 e6 13. Nc3 Nd7 14. Be3 Qa5
15. Rab1 Rb8 16. Qb5 Bxc3 17. bxc3 Qxb5 18. Rxb5 b6 19. Rd1 Ba6 20. Rb2 Ne5 21.
Bh6 Nc4 22. Rbb1 Rfd8 23. Bg5 Rxd1+ 24. Rxd1 Bb5 25. Bf6 Kf8 26. Bf3 Na5 27. h4
h5 28. Kg2 Nb7 29. Rd4 Nc5 30. Be5 Rc8 31. Rb4 Be8 32. Bd6+ Kg7 33. g4 hxg4 34.
Rxg4 Bc6 35. h5 Bxf3+ 36. Kxf3 Nd7 37. c4 Rc6 38. Rd4 gxh5 39. Bg3 Nf6 40. Ke3
Kg6 41. Kd3 Rc5 42. Kc3 Nd5+ 43. Kb3 Nf6 44. Bb8 Ra5 1/2-1/2

[Event "?"]
[Site "?"]
[Date "2013.03.28"]
[Round "1"]
[White "Morten Rasmussen"]
[Black "Frode Benedikt Nielsen"]
[Result "1-0"]
[WhiteElo "1912"]
[BlackElo "2042"]
[PlyCount "111"]

1. d4 Nf6 2. Nf3 c5 3. c3 b6 4. Bf4 Ba6 5. Nbd2 Nh5 6. Bg5 h6 7. Bh4 g5 8. Bg3
d6 9. e4 Nxg3 10. hxg3 Bxf1 11. Nxf1 Bg7 12. Ne3 e6 13. d5 Qd7 14. dxe6 Qxe6
15. Qd5 Qxd5 16. Nxd5 Kd7 17. O-O-O Nc6 18. Ne3 Rae8 19. Nf5 Be5 20. Nxe5+ Nxe5
21. Rxd6+ Kc7 22. b3 Re6 23. Rhd1 c4 24. bxc4 a6 25. Rxe6 fxe6 26. Ng7 Nxc4 27.
Nxe6+ Kc6 28. f4 gxf4 29. gxf4 Rg8 30. Rd8 Rxg2 31. Rc8+ Kd6 32. Rxc4 Kxe6 33.
Rc6+ Kd7 34. Rxh6 Kc7 35. a3 a5 36. f5 Rf2 37. Re6 b5 38. f6 Kd7 39. Re7+ Kd6
40. e5+ Kd5 41. f7 Kc4 42. e6 Kd3 43. Rd7+ Kxc3 44. Kd1 b4 45. axb4 axb4 46. e7
Rf1+ 47. Ke2 Rxf7 48. e8=Q Rxd7 49. Qxd7 b3 50. Qc6+ Kb2 51. Kd2 Ka2 52. Qa4+
Kb2 53. Qc4 Ka1 54. Qc1+ Ka2 55. Kc3 b2 56. Qxb2# 1-0

[Event "?"]
[Site "?"]
[Date "2013.03.28"]
[Round "1"]
[White "Joachim Knudsen"]
[Black "Lasse Henningsen"]
[Result "1/2-1/2"]
[WhiteElo "1950"]
[BlackElo "1765"]
[PlyCount "47"]

1. d4 d5 2. c4 e6 3. Nc3 Nf6 4. Bg5 Be7 5. Nf3 c6 6. e3 Nbd7 7. Bd3 O-O 8. O-O
dxc4 9. Bxc4 b5 10. Bxf6 Nxf6 11. Bd3 Bb7 12. Rc1 a6 13. Ne4 Nxe4 14. Bxe4 Qb6
15. Ne5 Rfd8 16. Qf3 f6 17. Bxh7+ Kxh7 18. Qh5+ Kg8 19. Qf7+ Kh7 20. f4 c5 21.
Qg6+ Kg8 22. Qf7+ Kh7 23. Qh5+ Kg8 24. Qf7+ 1/2-1/2ï»¿

[Event "?"]
[Site "?"]
[Date "2013.03.28"]
[Round "1"]
[White "Morten Andersen"]
[Black "Frode Meldgaard"]
[Result "1-0"]
[WhiteElo "2149"]
[BlackElo "1879"]
[PlyCount "89"]

1. c4 e6 2. g3 f5 3. Bg2 Nf6 4. d3 Be7 5. e4 fxe4 6. dxe4 d6 7. Nc3 O-O 8. Nge2
Qe8 9. O-O Nbd7 10. b3 Ne5 11. h3 h6 12. f4 Nf7 13. Nd4 c6 14. g4 Nh7 15. Be3
Bf6 16. Qd2 Bd7 17. Rad1 Rd8 18. Nf3 e5 19. f5 b6 20. h4 Qe7 21. Qf2 Nh8 22.
Qg3 Nf7 23. Kh2 Bc8 24. Rg1 d5 25. cxd5 Qb4 26. Ne2 cxd5 27. exd5 Nd6 28. Nd2
Bb7 29. a3 Qb5 30. Nc3 Qe8 31. Nde4 Be7 32. Qxe5 Nxe4 33. Qe6+ Kh8 34. Nxe4
Bxh4 35. Bf4 Nf6 36. Nxf6 Bxf6 37. Qxe8 Rfxe8 38. d6 Bxg2 39. Kxg2 Kg8 40. Kf3
Be5 41. d7 Re7 42. Rge1 Bf6 43. Rxe7 Bxe7 44. Bc7 Kf8 45. Bxd8 1-0

[Event "?"]
[Site "?"]
[Date "2013.03.28"]
[Round "1"]
[White "Lars Agger"]
[Black "Tavs Bjerre"]
[Result "1/2-1/2"]
[WhiteElo "1838"]
[BlackElo "2003"]
[PlyCount "79"]

1. e4 c5 2. Nf3 d6 3. d4 cxd4 4. Nxd4 Nf6 5. Nc3 g6 6. Be3 Bg7 7. Be2 O-O 8. g4
d5 9. exd5 Nxd5 10. Nxd5 Qxd5 11. Bf3 Qa5+ 12. c3 Rd8 13. O-O e5 14. Nb3 Qc7
15. Qe2 Nc6 16. Rad1 Bd7 17. Nc5 Be8 18. Bg5 Rxd1 19. Rxd1 f6 20. Bd5+ Kh8 21.
Ne6 Qe7 22. Be3 b6 23. b4 Rb8 24. Qf3 Nd8 25. Nxg7 Kxg7 26. Qh3 g5 27. Be4 Bg6
28. Bd5 Ne6 29. Qf3 Rd8 30. c4 Nc7 31. a3 Nxd5 32. Rxd5 Rxd5 33. Qxd5 Bf7 34.
Qd3 Qe6 35. h3 Qxc4 36. Qxc4 Bxc4 37. a4 Kf7 38. a5 bxa5 39. bxa5 a6 40. Kg2
1/2-1/2

[Event "DM2013"]
[Site "DM2013"]
[Date "2013.03.29"]
[Round "2"]
[White "Morten Rasmussen"]
[Black "Morten Andersen"]
[Result "1/2-1/2"]
[WhiteElo "1912"]
[BlackElo "2149"]
[PlyCount "70"]
[EventDate "31.??.??"]

1. d4 Nf6 2. Bf4 e6 3. Nf3 c5 4. c3 cxd4 5. cxd4 b5 6. Nbd2 Bb7 7. e3 a6 8. Bd3
Nc6 9. O-O Be7 10. Rc1 Nh5 11. Bg3 Nxg3 12. hxg3 O-O 13. Ne4 Nb4 14. Bb1 Nxa2
15. Neg5 Bxg5 16. Nxg5 Qxg5 17. Rc5 Bd5 18. Bxa2 d6 19. Bxd5 dxc5 20. Bxa8 Rxa8
21. dxc5 Qxc5 22. Qd2 a5 23. Rc1 Qb6 24. Qd7 Rf8 25. Rc6 Qd8 26. Qb7 b4 27. Qb5
Qd2 28. Qxa5 Qxb2 29. Qc5 g6 30. Rb6 b3 31. Qb4 Qc1+ 32. Kh2 Qc2 33. f3 h5 34.
Qxb3 Qf2 35. Rb8 Rxb8 1/2-1/2

[Event "DM2013"]
[Site "DM2013"]
[Date "2013.03.29"]
[Round "2"]
[White "Tavs Bjerre"]
[Black "Erik Hedegaard Hansen"]
[Result "1-0"]
[WhiteElo "2003"]
[BlackElo "1829"]
[PlyCount "41"]
[EventDate "31.??.??"]

1. d4 Nf6 2. c4 d5 3. cxd5 Nxd5 4. e4 Nf6 5. Nc3 e6 6. Nf3 Be7 7. Bf4 c6 8. Bd3
O-O 9. O-O Nbd7 10. Rc1 Nb6 11. Qe2 Re8 12. Nb5 Rf8 13. Bc7 Qe8 14. Bxb6 cxb5
15. Bxb5 Bd7 16. Bxd7 Nxd7 17. Ba5 b6 18. Bd2 Rc8 19. Bf4 Bf6 20. Bd6 Be7 21.
Rxc8 1-0

[Event "DM2013"]
[Site "DM2013"]
[Date "2013.03.29"]
[Round "2"]
[White "Kim Schmidt"]
[Black "Joachim Knudsen"]
[Result "1-0"]
[WhiteElo "1883"]
[BlackElo "1950"]
[PlyCount "87"]
[EventDate "31.??.??"]

1. d4 Nf6 2. c4 c5 3. dxc5 Na6 4. Nc3 Nxc5 5. Nf3 g6 6. g3 Bg7 7. Bg2 O-O 8.
O-O d6 9. Nd4 Rb8 10. b3 a6 11. Bb2 Re8 12. e4 Bd7 13. Qd2 b5 14. b4 Ne6 15.
Nxe6 Bxe6 16. cxb5 axb5 17. Rfe1 Bc4 18. Nd1 Nd7 19. Bxg7 Kxg7 20. Ne3 Be6 21.
Qd4+ Kg8 22. Nd5 Ne5 23. Rec1 Bxd5 24. exd5 Qb6 25. Qxb6 Rxb6 26. Rc3 Ra8 27.
Bf1 Ra4 28. a3 Kg7 29. Be2 Ra7 30. Rac1 Kf6 31. f4 Nc4 32. Ra1 Nb2 33. Ra2 Na4
34. Rc8 e6 35. dxe6 Kxe6 36. Rac2 Rbb7 37. Bg4+ f5 38. Bf3 d5 39. R2c6+ Kd7 40.
Bxd5 Rb6 41. Rc2 Rd6 42. Rh8 Raa6 43. Rxh7+ Kd8 44. Bb7 1-0

[Event "DM2013"]
[Site "DM2013"]
[Date "2013.03.29"]
[Round "2"]
[White "Frode Benedikt Nielsen"]
[Black "Frode Meldgaard"]
[Result "1-0"]
[WhiteElo "2042"]
[BlackElo "1879"]
[PlyCount "131"]
[EventDate "31.??.??"]

1. e4 e5 2. d4 exd4 3. c3 Nc6 4. cxd4 Bb4+ 5. Nc3 Nge7 6. d5 Ne5 7. Qd4 Bxc3+
8. Qxc3 f6 9. Bf4 d6 10. Bxe5 fxe5 11. f4 Ng6 12. f5 Qh4+ 13. Kd2 Qf4+ 14. Kd3
Bxf5 15. exf5 Qxf5+ 16. Kd2 Qf2+ 17. Ne2 Nf4 18. g3 Nxd5 19. Qb3 Nb6 20. Bh3 d5
21. Rae1 O-O 22. Qb4 Qf6 23. Qg4 Nc4+ 24. Kc1 Qh6+ 25. Nf4 exf4 26. Qe6+ Qxe6
27. Bxe6+ Kh8 28. Bxd5 Nd6 29. gxf4 Rxf4 30. Re7 c6 31. Bb3 Rff8 32. h4 a5 33.
Rg1 g6 34. h5 Rf6 35. Bc2 Rf7 36. Re6 Nb5 37. hxg6 Rg7 38. Rg4 Rf8 39. Rh4 Nc7
40. Re5 Rf1+ 41. Kd2 Rd7+ 42. Ke2 Rc1 43. Bf5 Rdd1 44. Rxh7+ Kg8 45. Rxa5 Re1+
46. Kf2 Rf1+ 47. Ke3 Rfe1+ 48. Kd4 Nb5+ 49. Kd3 Red1+ 50. Ke3 Re1+ 51. Kf4 Nd6
52. Ra8+ Ne8 53. Be4 Rf1+ 54. Ke5 Rf8 55. Rxb7 Rc5+ 56. Kd4 Rc1 57. Bd3 c5+ 58.
Ke3 c4 59. Kd2 Nd6 60. Rxf8+ Kxf8 61. Rb8+ Kg7 62. Kxc1 cxd3 63. a4 Nc4 64. b3
Ne5 65. a5 Nc6 66. Rb7+ 1-0

[Event "DM2013"]
[Site "DM2013"]
[Date "2013.03.29"]
[Round "2"]
[White "Lasse Henningsen"]
[Black "Michael J Olesen"]
[Result "0-1"]
[WhiteElo "1765"]
[BlackElo "1963"]
[PlyCount "98"]
[EventDate "31.??.??"]

1. d4 Nf6 2. c4 g6 3. Nc3 d5 4. cxd5 Nxd5 5. e4 Nxc3 6. bxc3 Bg7 7. Bc4 c5 8.
Ne2 Qc7 9. O-O O-O 10. Bb3 Nc6 11. Be3 Na5 12. dxc5 Nxb3 13. axb3 Rd8 14. Qc1
Bd7 15. Rd1 a6 16. Rd2 Bb5 17. Ng3 Rxd2 18. Qxd2 Rd8 19. Qe1 Rd3 20. Rc1 Qd7
21. Ne2 Bc6 22. Ng3 Bxc3 23. Qe2 Bb5 24. Qc2 Bg7 25. Re1 h5 26. Nf1 Bc3 27. Rc1
Kh7 28. Kh1 Kg7 29. f3 Bd4 30. Bxd4+ Qxd4 31. h3 f6 32. f4 Qxe4 33. Qf2 Rxh3+
34. Kg1 Rxb3 35. Re1 Qc6 36. Rxe7+ Kh6 37. Ng3 Rb2 38. Qxb2 Qxc5+ 39. Kh2 Qxe7
40. f5 g5 41. Kg1 Qe1+ 42. Kh2 Qe5 43. Qb4 Kg7 44. Kg1 Qe8 45. Ne4 Bc6 46. Nc3
h4 47. Nd1 Qe4 48. Qd2 h3 49. Ne3 hxg2 0-1

[Event "DM2013"]
[Site "DM2013"]
[Date "2013.03.29"]
[Round "2"]
[White "Lars Schøning"]
[Black "Lars Agger"]
[Result "1-0"]
[WhiteElo "1845"]
[BlackElo "1838"]
[PlyCount "71"]
[EventDate "31.??.??"]

1. d4 d5 2. c4 e6 3. Nc3 Nf6 4. Bg5 Nbd7 5. cxd5 exd5 6. e3 Be7 7. Bd3 O-O 8.
Qc2 h6 9. Bh4 b6 10. Nf3 Bb7 11. O-O c5 12. Rfe1 Re8 13. Rad1 Rc8 14. Bf5 Ne4
15. Nxe4 cxd4 16. Qa4 b5 17. Qxd4 Bxh4 18. Nxh4 dxe4 19. Qxd7 Qxh4 20. Qxb7 Rc2
21. Rf1 g6 22. Qxb5 Qe7 23. Bxg6 Rc5 24. Bxf7+ Kxf7 25. Qd7 Rc7 26. Qxe7+ Kxe7
27. Rd2 a5 28. h3 a4 29. Rfd1 Rb8 30. Rd4 Rxb2 31. Rxe4+ Kf6 32. Rxa4 Rcc2 33.
Rf4+ Ke5 34. Ra1 Rxa2 35. Rxa2 Rxa2 36. Kh2 1-0

[Event "DM2013"]
[Site "DM2013"]
[Date "2013.03.30"]
[Round "3"]
[White "Michael J Olesen"]
[Black "Morten Rasmussen"]
[Result "1/2-1/2"]
[WhiteElo "1963"]
[BlackElo "1912"]
[PlyCount "59"]
[EventDate "31.??.??"]

1. Nf3 d5 2. g3 c6 3. Bg2 Nf6 4. O-O Qc7 5. d4 e6 6. c4 dxc4 7. a4 Nbd7 8. Nc3
Bb4 9. Nd2 Nd5 10. Qc2 Bxc3 11. bxc3 b5 12. e4 Ne7 13. Ba3 Bb7 14. f4 a6 15. f5
Nf6 16. fxe6 fxe6 17. Bxe7 Qxe7 18. e5 Nd5 19. Rf3 O-O-O 20. Ne4 Rdf8 21. Nd6+
Kb8 22. axb5 Rxf3 23. Bxf3 cxb5 24. Qb2 Rd8 25. Qa3 Qc7 26. Bxd5 exd5 27. Rf1
Bc8 28. Rf7 Rd7 29. Rf8 Rd8 30. Rf7 1/2-1/2

[Event "DM2013"]
[Site "DM2013"]
[Date "2013.03.30"]
[Round "3"]
[White "Joachim Knudsen"]
[Black "Frode Benedikt Nielsen"]
[Result "1-0"]
[WhiteElo "1950"]
[BlackElo "2042"]
[PlyCount "155"]
[EventDate "31.??.??"]

1. d4 Nf6 2. c4 c5 3. d5 e6 4. Nc3 exd5 5. cxd5 d6 6. Nf3 g6 7. Nd2 Bg7 8. e4
O-O 9. Be2 Re8 10. O-O h5 11. h3 b6 12. a4 Ba6 13. Ra3 Bxe2 14. Qxe2 Nbd7 15.
f4 Nxe4 16. Ncxe4 f5 17. Qf3 fxe4 18. Nxe4 Qe7 19. Ng5 Qe2 20. Ne6 Qxf3 21.
Raxf3 Bd4+ 22. Kh1 Rac8 23. Rg3 Kf7 24. f5 g5 25. Rxg5 Rg8 26. Rxh5 Nf6 27. Rh4
Nxd5 28. Nxd4 cxd4 29. Rxd4 Nf6 30. h4 Rc2 31. Bg5 Nh7 32. Rc1 Rc5 33. Rxc5
bxc5 34. Rxd6 Nxg5 35. hxg5 Rxg5 36. Rd5 Rg4 37. Rxc5 Rxa4 38. Rc2 Rf4 39. Rc5
Ra4 40. Rb5 Kf6 41. Kh2 a6 42. Rb6+ Kxf5 43. Kh3 Kg5 44. Rb8 Ra2 45. Kg3 Ra4
46. Kf3 Kf5 47. b3 Ra3 48. g4+ Kg5 49. Kg3 a5 50. Rb5+ Kg6 51. Kh4 a4 52. Rb6+
Kg7 53. b4 Rd3 54. Ra6 a3 55. Kh5 Rd5+ 56. g5 Rb5 57. Ra7+ Kf8 58. Kg6 Rxb4 59.
Ra8+ Ke7 60. Rxa3 Kf8 61. Ra8+ Ke7 62. Kg7 Rh4 63. Ra6 Rh5 64. Ra7+ Ke8 65. Kf6
Rh1 66. Ra8+ Kd7 67. Kf7 Rf1+ 68. Kg7 Ke7 69. g6 Rh1 70. Kg8 Rh2 71. Kg7 Rh1
72. Rh8 Ra1 73. Rh3 Re1 74. Kh7 Kf6 75. g7 Re7 76. Rf3+ Kg5 77. Kh8 Kh6 78.
g8=N+ 1-0

[Event "DM2013"]
[Site "DM2013"]
[Date "2013.03.30"]
[Round "3"]
[White "Kim Schmidt"]
[Black "Tavs Bjerre"]
[Result "0-1"]
[WhiteElo "1883"]
[BlackElo "2003"]
[PlyCount "194"]
[EventDate "31.??.??"]

1. d4 Nf6 2. c4 g6 3. Nc3 Bg7 4. Nf3 O-O 5. g3 d6 6. Bg2 Nbd7 7. O-O e5 8. dxe5
dxe5 9. e4 c6 10. b3 Qe7 11. Qc2 Re8 12. Bb2 a6 13. a4 a5 14. Ba3 Qd8 15. Rad1
Qb6 16. Ne1 Bf8 17. Bxf8 Kxf8 18. Nd3 Nc5 19. Nxc5 Qxc5 20. Kh1 Be6 21. Rd2 Qb6
22. Rfd1 Red8 23. Rxd8+ Rxd8 24. Rxd8+ Qxd8 25. Bf3 Qd4 26. Kg2 Nd7 27. Ne2 Qb6
28. Nc1 f6 29. Bd1 Nc5 30. f3 Na6 31. Qd2 g5 32. Qd6+ Kf7 33. Qd2 Qd4 34. Qxd4
exd4 35. Bc2 b5 36. cxb5 cxb5 37. Ne2 Nb4 38. Bd1 bxa4 39. bxa4 Nc6 40. Kf2 Ke7
41. Nc1 Kd6 42. Bb3 Bd7 43. Nd3 Ne5 44. Ke2 Nxd3 45. Kxd3 Kc5 46. f4 Bh3 47. e5
Bf5+ 48. Kd2 fxe5 49. fxe5 h6 50. h4 Kc6 51. hxg5 hxg5 52. Bf7 Kd7 53. Bb3 Ke7
54. Bc4 Bd7 55. Bb3 Bf5 56. Bc4 Bd7 57. Bb3 Be6 58. Bc2 Bc4 59. Bd3 Bb3 60. Bf5
Bxa4 61. Kd3 Bb3 62. Kxd4 a4 63. Kc3 Be6 64. Bd3 a3 65. Kc2 Kd7 66. Bb5+ Kc7
67. Ba4 a2 68. Kb2 Kb6 69. Bd1 Kc5 70. Bf3 Kd4 71. Bg2 Kxe5 72. Bf3 Kd4 73. Bg2
Ke3 74. Bc6 Kf2 75. g4 Kg3 76. Ba4 Kxg4 77. Bd1+ Kh4 78. Ka1 Bg4 79. Bb3 Bf5
80. Bd1 Be6 81. Be2 Kg3 82. Bd1 Kf4 83. Kb2 Bd5 84. Be2 Bf3 85. Bf1 g4 86. Kxa2
g3 87. Kb2 Be4 88. Kc1 Kf3 89. Kd2 Kf2 90. Bh3 Bf5 91. Bxf5 g2 92. Bd3 g1=Q 93.
Kc3 Ke3 94. Bc4 Qc1+ 95. Kb4 Kd4 96. Bb3 Qb2 97. Ka4 Kc5 0-1

[Event "DM2013"]
[Site "DM2013"]
[Date "2013.03.30"]
[Round "3"]
[White "Morten Andersen"]
[Black "Lars Schøning"]
[Result "1-0"]
[WhiteElo "2149"]
[BlackElo "1845"]
[PlyCount "91"]
[EventDate "31.??.??"]

1. d4 Nf6 2. c4 c5 3. d5 e5 4. Nc3 d6 5. e4 Nbd7 6. Bd3 Be7 7. Nge2 O-O 8. f3
Ne8 9. g3 g6 10. Bh6 Ng7 11. Qd2 Kh8 12. h4 Nf6 13. O-O-O Ng8 14. Be3 a6 15. f4
Bf6 16. h5 Bg4 17. hxg6 fxg6 18. Rdf1 Qc8 19. fxe5 Bxe5 20. Bf4 Qe8 21. Bxe5
Qxe5 22. Nf4 Ne7 23. Be2 Bxe2 24. Qxe2 Rf6 25. Qh2 h5 26. Nd3 Qg5+ 27. Qd2
Qxd2+ 28. Kxd2 Raf8 29. Rxf6 Rxf6 30. e5 dxe5 31. Ne4 Rb6 32. b3 Nef5 33. Nxe5
Kg8 34. Nd7 Nd6 35. Nexc5 Nxc4+ 36. bxc4 Rb2+ 37. Kc3 Rxa2 38. Nxb7 Ra3+ 39.
Kb4 Rxg3 40. c5 Ne8 41. c6 Rg4+ 42. Kc5 Rg2 43. d6 Rc2+ 44. Kb6 Rb2+ 45. Ka7
Rc2 46. Ne5 1-0

[Event "DM2013"]
[Site "DM2013"]
[Date "2013.03.30"]
[Round "3"]
[White "Frode Meldgaard"]
[Black "Erik Hedegaard Hansen"]
[Result "1-0"]
[WhiteElo "1879"]
[BlackElo "1829"]
[PlyCount "71"]
[EventDate "31.??.??"]

1. e4 c5 2. Nc3 Nc6 3. Bc4 e6 4. Nge2 g6 5. d3 Bg7 6. O-O Nf6 7. Bg5 a6 8. a4
Qb6 9. f4 d6 10. Kh1 h6 11. Bh4 Nd4 12. e5 Ng4 13. Nxd4 Ne3 14. Qe2 cxd4 15.
Ne4 d5 16. Nd6+ Kf8 17. Bb3 Kg8 18. Rf3 Bf8 19. a5 Qc5 20. Bf6 Rh7 21. c3 Bxd6
22. exd6 Qxd6 23. Bxd4 Nf5 24. Bf6 Bd7 25. g4 Ng7 26. d4 Ne8 27. Bh4 f6 28. Bc2
Kf7 29. Re1 Ng7 30. f5 g5 31. Bg3 Qc6 32. fxe6+ Bxe6 33. Bxh7 Re8 34. Qd3 Bxg4
35. Qg6+ Kf8 36. Rxf6+ 1-0

[Event "DM2013"]
[Site "DM2013"]
[Date "31.12.29"]
[Round "3"]
[White "Lars Agger"]
[Black "Lasse Henningsen"]
[Result "1/2-1/2"]
[WhiteElo "1838"]
[BlackElo "1765"]
[PlyCount "45"]
[EventDate "31.??.??"]

1. e4 e6 2. d4 d5 3. Nc3 Nf6 4. Bg5 Be7 5. e5 Nfd7 6. Bxe7 Qxe7 7. f4 c5 8. Nf3
a6 9. Be2 Nc6 10. a4 b6 11. Qd2 Bb7 12. O-O cxd4 13. Nxd4 Nxd4 14. Qxd4 Qc5 15.
Rfd1 O-O 16. Bg4 Rac8 17. Rd2 g6 18. Re1 Nb8 19. Ne2 Nc6 20. Qxc5 bxc5 21. b3
a5 22. Nc3 Rb8 23. Nb5 1/2-1/2

[Event "DM2013"]
[Site "DM2013"]
[Date "31.12.29"]
[Round "4"]
[White "Frode Meldgaard"]
[Black "Joachim Knudsen"]
[Result "0-1"]
[WhiteElo "1879"]
[BlackElo "1950"]
[PlyCount "110"]
[EventDate "31.??.??"]

1. e4 c6 2. Nc3 d5 3. d4 dxe4 4. Nxe4 Bf5 5. Ng3 Bg6 6. Nf3 Nd7 7. Bd3 Qc7 8.
Bd2 Bxd3 9. cxd3 e6 10. O-O Bd6 11. Ne4 Ngf6 12. Nxd6+ Qxd6 13. Bc3 Nd5 14. Re1
O-O-O 15. a4 f6 16. a5 a6 17. Nd2 Rhe8 18. Nc4 Qc7 19. Qb3 Kb8 20. Nb6 N7xb6
21. axb6 Qxb6 22. Qd1 Rd7 23. Ra3 c5 24. dxc5 Qxc5 25. Qh5 g6 26. Qg4 Qc6 27.
Bd2 g5 28. Rc1 Qd6 29. Qa4 Rc8 30. Rca1 h5 31. Rb3 Rc6 32. Rba3 Nb6 33. Qd1 g4
34. b4 Nc4 35. b5 axb5 36. Ra8+ Kc7 37. Rh8 Qxd3 38. Bf4+ e5 39. Qxd3 Rxd3 40.
Bg3 b4 41. f4 b3 42. fxe5 fxe5 43. Rxh5 b2 44. Rb1 Rc3 45. Rxe5 Kb6 46. Ree1
Rc2 47. Bf4 Nd2 48. Bxd2 Rxd2 49. h4 g3 50. Kf1 Rf6+ 51. Kg1 Rff2 52. Re3 Rxg2+
53. Kh1 Rh2+ 54. Kg1 Rdg2+ 55. Kf1 Rc2 0-1

[Event "DM2013"]
[Site "DM2013"]
[Date "31.12.29"]
[Round "4"]
[White "Frode Benedikt Nielsen"]
[Black "Lars Agger"]
[Result "0-1"]
[WhiteElo "2042"]
[BlackElo "1838"]
[PlyCount "37"]
[EventDate "31.??.??"]

1. e4 c5 2. Nc3 Nc6 3. f4 e6 4. Nf3 d5 5. Bb5 a6 6. Bxc6+ bxc6 7. O-O c4 8. b3
cxb3 9. axb3 Nf6 10. Qe2 a5 11. f5 Bc5+ 12. Kh1 dxe4 13. Nxe4 Nxe4 14. Qxe4 Qd5
15. Qg4 g6 16. Bb2 gxf5 17. Qh5 Rg8 18. Qxh7 Rg6 19. Ne5 0-1

[Event "DM2013"]
[Site "DM2013"]
[Date "31.12.29"]
[Round "4"]
[White "Lars Schøning"]
[Black "Michael J Olesen"]
[Result "0-1"]
[WhiteElo "1845"]
[BlackElo "1963"]
[PlyCount "22"]
[EventDate "31.??.??"]

1. d4 Nf6 2. c4 c5 3. d5 e5 4. Nc3 d6 5. e4 g6 6. b4 Nbd7 7. Qa4 cxb4 8. Qxb4
Nc5 9. f3 Nh5 10. Be3 b6 11. Nge2 Nd3+ 0-1

[Event "DM2013"]
[Site "DM2013"]
[Date "2013.03.31"]
[Round "4"]
[White "Morten Rasmussen"]
[Black "Kim Schmidt"]
[Result "1-0"]
[WhiteElo "1912"]
[BlackElo "1883"]
[PlyCount "101"]
[EventDate "31.??.??"]

1. d4 Nf6 2. Nf3 g6 3. Bg5 Bg7 4. Nbd2 d5 5. e3 O-O 6. Bd3 Bg4 7. c3 Nbd7 8.
Qb3 b6 9. Bb5 c5 10. Bc6 c4 11. Qa4 Rc8 12. Bf4 e5 13. Nxe5 Nxe5 14. Bxe5 Bd7
15. Bxd7 Qxd7 16. Qxd7 Nxd7 17. Bg3 Rc6 18. O-O f5 19. Rfe1 Re6 20. Kf1 Bh6 21.
Nf3 Nf6 22. Be5 Nd7 23. Re2 g5 24. Bg3 Rfe8 25. Rae1 Nf6 26. Ne5 Ne4 27. f3
Nxg3+ 28. hxg3 Bg7 29. e4 fxe4 30. fxe4 b5 31. exd5 Rd6 32. Nc6 Rf8+ 33. Rf2
Rxf2+ 34. Kxf2 Kf8 35. Nxa7 b4 36. Nc6 bxc3 37. bxc3 Rxd5 38. Ne5 Ra5 39. Nxc4
Rxa2+ 40. Re2 Ra6 41. Ke3 Ke7 42. Kd3+ Kd7 43. Ne5+ Kc7 44. Nf7 h6 45. Re7+ Kb8
46. Re8+ Kc7 47. Rg8 Bf6 48. Rg6 Kd7 49. Nxh6 Ke8 50. Ng4 Kf7 51. Rxf6+ 1-0

[Event "DM2013"]
[Site "DM2013"]
[Date "3.12.29"]
[Round "5"]
[White "Morten Andersen"]
[Black "Michael J Olesen"]
[Result "1/2-1/2"]
[WhiteElo "2149"]
[BlackElo "1963"]
[PlyCount "53"]
[EventDate "3.??.??"]

1. e4 c5 2. Nf3 e6 3. d3 Nc6 4. g3 d5 5. Qe2 Nf6 6. Bg2 Be7 7. O-O O-O 8. e5
Nd7 9. c4 dxc4 10. dxc4 Qc7 11. Bf4 Nd4 12. Nxd4 cxd4 13. Nd2 Rd8 14. Rfd1 Nc5
15. h4 a5 16. b3 Bd7 17. Ne4 Nxe4 18. Bxe4 Bc6 19. Bd3 b6 20. Qg4 Qb7 21. Bh6
Bf8 22. Bg5 Bf3 23. Qh3 Bxd1 24. Bxd8 Rxd8 25. Rxd1 Qf3 26. Qf1 Bb4 27. Qe2
1/2-1/2

[Event "DM2013"]
[Site "DM2013"]
[Date "3.12.29"]
[Round "5"]
[White "Tavs Bjerre"]
[Black "Morten Rasmussen"]
[Result "1/2-1/2"]
[WhiteElo "2003"]
[BlackElo "1912"]
[PlyCount "44"]
[EventDate "3.??.??"]

1. d4 d5 2. c4 c6 3. Nf3 Nf6 4. e3 Na6 5. Nc3 Nc7 6. b3 Bg4 7. h3 Bh5 8. Bb2 e6
9. g4 Bg6 10. Ne5 Nd7 11. Nxg6 hxg6 12. Bg2 f5 13. Ne2 Bb4+ 14. Bc3 Bxc3+ 15.
Nxc3 Qg5 16. Qf3 Nf6 17. Qg3 O-O-O 18. f4 Qh4 19. Qxh4 Rxh4 20. g5 Ne4 21. Bxe4
dxe4 22. Kf2 Rdh8 1/2-1/2

[Event "DM2013"]
[Site "DM2013"]
[Date "3.12.29"]
[Round "5"]
[White "Joachim Knudsen"]
[Black "Lars Agger"]
[Result "0-1"]
[WhiteElo "1950"]
[BlackElo "1838"]
[PlyCount "132"]
[EventDate "3.??.??"]

1. d4 Nf6 2. c4 g6 3. Nc3 d5 4. cxd5 Nxd5 5. e4 Nxc3 6. bxc3 Bg7 7. Bc4 c5 8.
Ne2 Nc6 9. Be3 O-O 10. O-O cxd4 11. cxd4 Na5 12. Bd3 Be6 13. Qa4 a6 14. Rfc1 b5
15. Qb4 Bc4 16. Bxc4 Nxc4 17. a4 Rb8 18. axb5 axb5 19. Rab1 e5 20. d5 Nxe3 21.
fxe3 Bh6 22. Rb3 Qb6 23. Rc5 Ra8 24. Qc3 b4 25. Qc1 Ra2 26. Ng3 Qa7 27. Nf1 Qa6
28. Qd1 Qf6 29. Rc2 Rfa8 30. Rxb4 R8a3 31. Rxa2 Rxa2 32. Qe1 Qa6 33. Rb1 Re2
34. Qg3 Qa2 35. Re1 Rc2 36. d6 Bf8 37. d7 Be7 38. Rd1 Qa5 39. Rb1 Kg7 40. Rd1
Qc7 41. h4 h5 42. Nh2 Rc1 43. Rxc1 Qxc1+ 44. Nf1 Qc7 45. Qh3 Qc2 46. Ng3 Qd1+
47. Kh2 Qe1 48. Nh1 Bxh4 49. g3 Bg5 50. Qg2 Qxe3 51. Qc2 Qd4 52. Qc7 Bf6 53.
Qb7 g5 54. Kg2 g4 55. Qd5 Qxd5 56. exd5 Bd8 57. Nf2 f5 58. Nd3 Kf6 59. Kf2 Bb6+
60. Ke2 Ke7 61. Nxe5 Bc7 62. Ng6+ Kxd7 63. Ke3 Bxg3 64. Kd4 h4 65. Ke3 h3 66.
Nf8+ Kd6 0-1

[Event "DM2013"]
[Site "DM2013"]
[Date "3.12.29"]
[Round "5"]
[White "Erik Hedegaard Hansen"]
[Black "Frode Benedikt Nielsen"]
[Result "1-0"]
[WhiteElo "1829"]
[BlackElo "2042"]
[PlyCount "119"]
[EventDate "3.??.??"]

1. d4 f5 2. c4 Nf6 3. Nc3 e6 4. e4 fxe4 5. f3 exf3 6. Nxf3 Be7 7. Bd3 O-O 8.
O-O c5 9. d5 exd5 10. cxd5 d6 11. Ng5 Na6 12. Bd2 Bg4 13. Qc2 h6 14. Nh7 Nb4
15. Nxf6+ Bxf6 16. Bh7+ Kh8 17. Qg6 Bg5 18. Rxf8+ Qxf8 19. Bxg5 hxg5 20. Rf1
Qe7 21. Ne4 Nd3 22. Rf7 Qe5 23. h3 Nf4 24. Qxg5 Qxg5 25. Nxg5 Ne2+ 26. Kf2 Bh5
27. Rf5 Nd4 28. Rf4 Bd1 29. Bg6 Kg8 30. Bf7+ Kf8 31. Bh5+ Kg8 32. Bxd1 b5 33.
Bh5 a5 34. Bf7+ Kf8 35. Ne6+ Ke7 36. Nxd4 cxd4 37. Be6 a4 38. Rxd4 a3 39. Rb4
axb2 40. Rxb2 Kf6 41. Rxb5 Rxa2+ 42. Kg3 Ke5 43. Rb7 g5 44. Rf7 Ke4 45. Rf5
Ra3+ 46. Rf3 Ra2 47. Rf5 Ra3+ 48. Kg4 Ra2 49. g3 Ra3 50. Rxg5 Rb3 51. Kh5 Ra3
52. Kg6 Kf3 53. h4 Ra1 54. h5 Rh1 55. h6 Rh2 56. h7 Rh1 57. g4 Kf4 58. Rh5 Rxh5
59. Kxh5 Ke5 60. h8=Q+ 1-0

[Event "DM2013"]
[Site "DM2013"]
[Date "3.12.29"]
[Round "5"]
[White "Lasse Henningsen"]
[Black "Frode Meldgaard"]
[Result "0-1"]
[WhiteElo "1765"]
[BlackElo "1879"]
[PlyCount "94"]
[EventDate "3.??.??"]

1. e4 e5 2. Nf3 Nc6 3. d4 exd4 4. Bc4 Be7 5. c3 d6 6. cxd4 Bg4 7. Qb3 Bxf3 8.
Qxf3 Nf6 9. Be3 O-O 10. Nc3 a6 11. O-O Qd7 12. h3 Rfe8 13. Rac1 Bf8 14. Bd3 Re7
15. Qg3 Rae8 16. f4 g6 17. Qh4 Nxe4 18. Nxe4 Rxe4 19. Bxe4 Rxe4 20. Qf2 Qe6 21.
f5 gxf5 22. Rce1 Bg7 23. Kh1 Nxd4 24. Bxd4 Bxd4 25. Rxe4 Qxe4 26. Qd2 f4 27.
Qxf4 Qxf4 28. Rxf4 c5 29. b3 b5 30. g4 f6 31. Kg2 Kf7 32. Kf3 d5 33. Ke2 Be5
34. Rf5 h6 35. Rf3 a5 36. a4 bxa4 37. bxa4 c4 38. Rf1 Ke6 39. Rf5 d4 40. Rh5
Kd5 41. Rxh6 Ke4 42. Rh7 d3+ 43. Kd1 c3 44. Re7 Ke3 45. g5 c2+ 46. Kc1 Ke2 47.
gxf6 d2+ 0-1